Представление документа в формате RUSMARC

ПолеНазваниеЗначение
  Тип записи a
  Библиографический уровень m
001 Контрольный номер RU\NLR\BIBL_A\012042286
005 Дата корректировки 20230707133313.2
010 Индекс ISBN __
a ISBN 978-5-04-100917-5
9 Тираж 10000
d Цена 323-40
021 № государственной регистрации __
a Код страны RU
b № документа 2019-39595
035 Другие системные номера __
a Идентификатор записи (RuMoRGB)009993195
100 Данные общей обработки __
a Данные общей обработки 20190624d2019 y0rusy0189 ca
101 Язык документа 1_
a Язык текста rus
c Язык оригинала eng
102 Страна публикации __
a Страна публикации RU
105 Кодированные данные (монография) __
a Кодированные данные (монография) y z 000ay
200 Заглавие и сведения об ответственности 1_
a Заглавие Благие знамения
f Первые сведения об ответственности Терри Пратчетт, Нил Гейман
g Последующие сведения об ответственности перевод с английского Маргариты Юркан под редакцией Михаила Назаренко
d Параллельное заглавие Good omens
210 Выходные данные 1_
a Место издания Москва
c Издательство Эксмо
d Дата издания 2019
215 Физическое описание __
a Объем 509, [1] с.
d Формат 21
225 Серия (Журнальная рубрика) 1_
a Серия (Журнальная рубрика) Кинофантастика
333 Примечание о целевом назначении __
a Примечание о целевом назначении 16+
606 Тематические рубрики __
a Основная рубрика Художественная литература
606 Тематические рубрики __
a Основная рубрика Литература Европы (произведения)
610 Ключевые слова 0_
a Ключевые слова английская литература
a Ключевые слова романы
686 Индексы других классификаций __
a Индекс ББК 84(4Вел)6-4
v Номер издания LBC/SL
2 Код системы rubbk
700 Автор _1
a Фамилия Пратчетт
b Имя Т.
f Даты 1948-2015
g Полное личное имя Терри
3 Контрольный № нормативной записи RU\NLR\AUTH\7739986
701 Альтернативная интеллектуальная ответственность (другие авторы) _1
a Фамилия Гейман
b Имя Н.
f Даты 1960-
g Полное личное имя Нил
3 Контрольный № нормативной записи RU\NLR\AUTH\7720714
801 Источник записи _0
a Страна RU
b Организация NLR
c Дата составления 20190624
g Правила каталогизации RCR
801 Источник записи _1
a Страна RU
b Организация NLR
c Дата составления 20190624
2 Код формата rusmarc
801 Источник записи _2
a Страна RU
b Организация NLR
c Дата составления 20190710
2 Код формата rusmarc
801 Источник записи _1
a Страна RU
b Организация Центральная районная библиотека им. Г. А. Пирожникова
852 Данные о местонахождении __
j Шифр хранения 84(4Вел)6
i Авторский знак П 702
901 Тип документа __
t Тип документа m
902 Роль лиц __
b Редактор БЗ ОКиО/Шумских